Economics 10th/Ed (Record no. 311885)

000 -LEADER
fixed length control field 00382 a2200157 4500
001 - CONTROL NUMBER
control field 76812
020 ## - INTERNATIONAL STANDARD BOOK NUMBER
International Standard Book Number 0070545901
082 ## - DEWEY DECIMAL CLASSIFICATION NUMBER
Classification number 330 SAM
090 ## - LOCALLY ASSIGNED LC-TYPE CALL NUMBER (OCLC); LOCAL CALL NUMBER (RLIN)
-- 39262
-- 39262
100 ## - MAIN ENTRY--PERSONAL NAME
Personal name Pual A Samuelson
245 ## - TITLE STATEMENT
Title Economics 10th/Ed
Remainder of title Economics
Statement of responsibility, etc. Pual A Samuelson
Medium English
250 ## - EDITION STATEMENT
Edition statement 10 th
260 ## - PUBLICATION, DISTRIBUTION, ETC.
Place of publication, distribution, etc. Tokyo
Name of publisher, distributor, etc. Mc Graw Hill
Date of publication, distribution, etc. 1976
300 ## - PHYSICAL DESCRIPTION
Extent xxvii 917 p
600 ## - SUBJECT ADDED ENTRY--PERSONAL NAME
Personal name Peter Temin
942 ## - ADDED ENTRY ELEMENTS (KOHA)
Institution code [OBSOLETE] caenust
Call number prefix 330 SAM
Holdings
Withdrawn status Lost status Damaged status Not for loan Collection code Permanent Location Current Location Date acquired Total Checkouts Full call number Barcode Date last seen Price effective from Koha item type
          College of Aeronautical Engineering (CAE) College of Aeronautical Engineering (CAE) 04/03/2017   330 SAM CAEG-2318 04/05/2017 04/05/2017 Book
© 2023 Central Library, National University of Sciences and Technology. All Rights Reserved.